[Event "Reinstorf op"]
[Site "Reinstorf"]
[Date "2022.02.03"]
[Round "6"]
[White "Pohle, Saskia"]
[Black "Wolf, Andre"]
[Result "0-1"]
[WhiteElo "1824"]
[BlackElo "2119"]
[PlyCount "70"]
[EventDate "2022.01.29"]
[EventType "swiss"]
[EventRounds "9"]
[EventCountry "GER"]
[SourceTitle "CBM 206 Extra"]
[Source "ChessBase"]
[SourceDate "2022.03.31"]
[SourceVersion "1"]
[SourceVersionDate "2022.03.31"]
[SourceQuality "1"]

1. e4 Nf6 2. e5 Nd5 3. c4 Nb6 4. d4 d6 5. exd6 cxd6 6. Nf3 g6 7. Nc3 Bg7 8. h3 0-0 9. Be2 e5 10. 0-0 Be6 11. d5 Bc8 12. Qc2 h6 13. Rb1 a5 14. a3 Na6 15. b4 axb4 16. axb4 Bf5 17. Bd3 Bxd3 18. Qxd3 Rc8 19. Nd2 f5 20. f3 Qf6 21. Nb5 Rfd8 22. Qb3 Kh7 23. Bb2 Nc7 24. Nc3 Qh4 25. Ne2 Nd7 26. Rbc1 b6 27. f4 Qe7 28. Nf3 b5 29. fxe5 bxc4 30. Rxc4 Nb6 31. exd6 Rxd6 32. Rc2 Ncxd5 33. Rxc8 Nxc8 34. Nc3 Bxc3 35. Bxc3 Qe3+ 0-1

[Event "Reinstorf op"]
[Site "Reinstorf"]
[Date "2022.02.02"]
[Round "5"]
[White "Wolf, Andre"]
[Black "Pellicoro, Nathalie"]
[Result "1/2-1/2"]
[WhiteElo "2119"]
[BlackElo "1835"]
[PlyCount "82"]
[EventDate "2022.01.29"]
[EventType "swiss"]
[EventRounds "9"]
[EventCountry "GER"]
[SourceTitle "CBM 206 Extra"]
[Source "ChessBase"]
[SourceDate "2022.03.31"]
[SourceVersion "1"]
[SourceVersionDate "2022.03.31"]
[SourceQuality "1"]

1. b3 e5 2. Bb2 d6 3. g3 g6 4. Bg2 Bg7 5. e3 Nf6 6. Ne2 Nbd7 7. c4 Qe7 8. Nbc3 c6 9. h3 0-0 10. d4 Rd8 11. 0-0 Nf8 12. d5 c5 13. a3 Rb8 14. Rb1 a6 15. b4 N6d7 16. Ba1 f5 17. e4 b6 18. Kh2 Rb7 19. Nc1 Nf6 20. bxc5 bxc5 21. Rxb7 Qxb7 22. f3 fxe4 23. fxe4 N8d7 24. Rf2 Nb6 25. Rb2 Qc7 26. Qb3 Nfd7 27. a4 Rf8 28. Nd3 Bh6 29. Nd1 Qd8 30. Rb1 Bd2 31. Bc3 Bxc3 32. Nxc3 Qg5 33. a5 Na8 34. Re1 Qd2 35. Rd1 Qe3 36. Qc2 Qg5 37. Qd2 Qh5 38. Qe2 Qh6 39. Qd2 Qh5 40. Qe2 Qh6 41. Qd2 Qh5 1/2-1/2

[Event "Reinstorf op"]
[Site "Reinstorf"]
[Date "2022.02.01"]
[Round "4"]
[White "Rennkamp, David"]
[Black "Wolf, Andre"]
[Result "0-1"]
[WhiteElo "1496"]
[BlackElo "2119"]
[PlyCount "44"]
[EventDate "2022.01.29"]
[EventType "swiss"]
[EventRounds "9"]
[EventCountry "GER"]
[SourceTitle "CBM 206 Extra"]
[Source "ChessBase"]
[SourceDate "2022.03.31"]
[SourceVersion "1"]
[SourceVersionDate "2022.03.31"]
[SourceQuality "1"]

1. e4 e5 2. Nf3 Nc6 3. Bc4 Nf6 4. d3 Bc5 5. 0-0 0-0 6. c3 d6 7. b4 Bb6 8. a4 a5 9. b5 Ne7 10. Be3 c6 11. Bxb6 Qxb6 12. Nbd2 d5 13. exd5 cxd5 14. Ba2 Ng6 15. Re1 Re8 16. Qb3 Bf5 17. c4 Ng4 18. Rf1 Nf4 19. cxd5 Bxd3 20. d6 Bxf1 21. Qxf7+ Kh8 22. Rxf1 Ne2+ 0-1

[Event "Reinstorf op"]
[Site "Reinstorf"]
[Date "2022.01.30"]
[Round "2"]
[White "Wolf, Andre"]
[Black "Van den Doel, Erik"]
[Result "0-1"]
[WhiteElo "2119"]
[BlackElo "2591"]
[PlyCount "80"]
[EventDate "2022.01.29"]
[EventType "swiss"]
[EventRounds "9"]
[EventCountry "GER"]
[SourceTitle "CBM 206 Extra"]
[Source "ChessBase"]
[SourceDate "2022.03.31"]
[SourceVersion "1"]
[SourceVersionDate "2022.03.31"]
[SourceQuality "1"]

1. e4 e5 2. Nf3 Nc6 3. Bb5 a6 4. Ba4 Nf6 5. 0-0 Be7 6. Re1 b5 7. Bb3 0-0 8. h3 Bb7 9. Nc3 d6 10. a4 Na5 11. Ba2 c5 12. d3 b4 13. Ne2 Rb8 14. Ng3 Bc8 15. Bd2 Qc7 16. Bc4 Nxc4 17. dxc4 g6 18. Bh6 Rd8 19. b3 Ne8 20. Qd3 Bf6 21. Rad1 Qe7 22. Nh2 Bg5 23. Bxg5 Qxg5 24. Nf3 Qf4 25. Ne2 Qf6 26. Nh2 Bb7 27. Ng4 Qg5 28. f3 Kg7 29. Ne3 Nc7 30. Nd5 Nxd5 31. cxd5 Rf8 32. Rf1 Rbe8 33. f4 exf4 34. Nxf4 Qe5 35. Rde1 Bc8 36. Re2 Re7 37. Kh1 Rfe8 38. Qc4 Kf8 39. Nd3 Qxe4 40. Rxe4 Rxe4 0-1

[Event "NRW Class1 1819"]
[Site "Germany"]
[Date "2019.04.14"]
[Round "8.5"]
[White "Wolf, Andre"]
[Black "Terhuven, Patrick"]
[Result "0-1"]
[WhiteElo "2142"]
[BlackElo "2161"]
[PlyCount "68"]
[EventDate "2018.09.16"]
[EventType "team-tourn"]
[EventRounds "9"]
[EventCountry "GER"]
[SourceTitle "EXT 2022"]
[Source "ChessBase"]
[SourceDate "2021.10.06"]
[SourceVersion "1"]
[SourceVersionDate "2021.10.06"]
[SourceQuality "1"]
[WhiteTeam "Lieme"]
[BlackTeam "Krefelder Turm"]
[WhiteTeamCountry "GER"]
[BlackTeamCountry "GER"]

1. e4 c5 2. Nf3 g6 3. d4 cxd4 4. Qxd4 Nf6 5. Nc3 Nc6 6. Qa4 d6 7. e5 dxe5 8. Nxe5 Bd7 9. Nxd7 Nxd7 10. Be3 Bg7 11. Rd1 Bxc3+ 12. bxc3 0-0 13. h4 Nb6 14. Qe4 Qc7 15. h5 Rfd8 16. hxg6 hxg6 17. Qh4 Qe5 18. Qh7+ Kf8 19. Be2 Rxd1+ 20. Kxd1 Rd8+ 21. Bd3 Qxc3 22. Rh4 Ke8 23. Ke2 Rd6 24. Qg8+ Kd7 25. Qxf7 Ne5 26. Bb5+ Kc7 27. Qxe7+ Nbd7 28. Ba4 Qa1 29. Bd2 Qxa2 30. Bb4 Re6 31. Bb3 Qa6+ 32. Kd2 Rxe7 33. Bxe7 Nc6 34. Rc4 Qxc4 0-1

[Event "NRW Class1 1819"]
[Site "Germany"]
[Date "2019.02.17"]
[Round "6.5"]
[White "Meinhardt, Michael"]
[Black "Wolf, Andre"]
[Result "1/2-1/2"]
[WhiteElo "2009"]
[BlackElo "2138"]
[PlyCount "27"]
[EventDate "2018.09.16"]
[EventType "team-tourn"]
[EventRounds "9"]
[EventCountry "GER"]
[SourceTitle "EXT 2022"]
[Source "ChessBase"]
[SourceDate "2021.10.06"]
[SourceVersion "1"]
[SourceVersionDate "2021.10.06"]
[SourceQuality "1"]
[WhiteTeam "Weidenau/Geisweid"]
[BlackTeam "Lieme"]
[WhiteTeamCountry "GER"]
[BlackTeamCountry "GER"]

1. Nf3 Nf6 2. c4 e6 3. e3 b6 4. d4 Bb7 5. Bd3 d5 6. 0-0 Bd6 7. Nc3 Nbd7 8. Qe2 0-0 9. e4 dxe4 10. Nxe4 Nxe4 11. Bxe4 Bxe4 12. Qxe4 Nf6 13. Qe2 c5 14. dxc5 1/2-1/2

[Event "NRW Class1 1819"]
[Site "Germany"]
[Date "2018.12.09"]
[Round "4.5"]
[White "Broehl, Stephan"]
[Black "Wolf, Andre"]
[Result "1/2-1/2"]
[WhiteElo "2087"]
[BlackElo "2138"]
[PlyCount "26"]
[EventDate "2018.09.16"]
[EventType "team-tourn"]
[EventRounds "9"]
[EventCountry "GER"]
[SourceTitle "EXT 2022"]
[Source "ChessBase"]
[SourceDate "2021.10.06"]
[SourceVersion "1"]
[SourceVersionDate "2021.10.06"]
[SourceQuality "1"]
[WhiteTeam "Niederkassel"]
[BlackTeam "Lieme"]
[WhiteTeamCountry "GER"]
[BlackTeamCountry "GER"]

1. e4 e5 2. Bc4 Nf6 3. d3 c6 4. Nf3 d5 5. Bb3 a5 6. a4 Bd6 7. Nbd2 0-0 8. 0-0 Nbd7 9. c3 Bc7 10. Re1 Nc5 11. Bc2 dxe4 12. Nxe4 Nfxe4 13. dxe4 Qxd1 1/2-1/2

[Event "NRW Class1 1718"]
[Site "Germany"]
[Date "2018.03.11"]
[Round "7.4"]
[White "Wolf, Andre"]
[Black "Paalman, Henk Jan"]
[Result "1/2-1/2"]
[WhiteElo "2160"]
[BlackElo "2123"]
[PlyCount "47"]
[EventDate "2017.09.17"]
[EventType "team-tourn"]
[EventRounds "9"]
[EventCountry "GER"]
[SourceTitle "EXT 2019"]
[Source "ChessBase"]
[SourceDate "2018.10.10"]
[SourceVersion "1"]
[SourceVersionDate "2018.10.10"]
[SourceQuality "1"]
[WhiteTeam "Lieme"]
[BlackTeam "Emsdetten Rochade"]
[WhiteTeamCountry "GER"]
[BlackTeamCountry "GER"]

1. e4 e6 2. d4 d5 3. Nd2 Nf6 4. e5 Nfd7 5. Bd3 c5 6. c3 Nc6 7. Ngf3 g6 8. 0-0 Bg7 9. Re1 Qb6 10. dxc5 Qc7 11. c4 Ncxe5 12. Nxe5 Nxe5 13. Nf3 Nxf3+ 14. Qxf3 dxc4 15. Bf4 Qxc5 16. Rac1 0-0 17. Bxc4 Qd4 18. Qg3 e5 19. Bxe5 Bxe5 20. Qxe5 Qxe5 21. Rxe5 Bd7 22. Re7 Bc6 23. Rd1 Kg7 24. f3 1/2-1/2

[Event "GER CupT 1718 Round2 (3)"]
[Site "Lemgo"]
[Date "2018.03.03"]
[Round "1"]
[White "Lopez Rojas, Jeffrey"]
[Black "Wolf, Andre"]
[Result "0-1"]
[WhiteElo "2160"]
[BlackElo "2158"]
[PlyCount "72"]
[EventDate "2018.03.03"]
[EventType "team-k.o."]
[EventRounds "2"]
[EventCountry "GER"]
[SourceTitle "CBM 183 Extra"]
[Source "ChessBase"]
[SourceDate "2018.04.19"]
[SourceVersion "1"]
[SourceVersionDate "2018.04.19"]
[SourceQuality "1"]
[WhiteTeam "Magdeburg Aufbau Elbe"]
[BlackTeam "Lieme"]
[WhiteTeamCountry "GER"]
[BlackTeamCountry "GER"]

1. d4 d5 2. c4 e6 3. Nf3 c6 4. g3 dxc4 5. Bg2 b5 6. 0-0 Nd7 7. a4 Bb7 8. b3 cxb3 9. Qxb3 a6 10. Na3 Ngf6 11. Nc4 c5 12. Bf4 Nd5 13. axb5 Nxf4 14. gxf4 axb5 15. Nce5 Rb8 16. Nxd7 Bd5 17. Nxb8 Bxb3 18. Nc6 Qc8 19. Na7 Qb8 20. Nd2 Bd5 21. e4 Bb7 22. Nxb5 Be7 23. Nc4 0-0 24. Ne5 Rd8 25. Rfb1 f6 26. Nd3 cxd4 27. Na7 Qc7 28. Rc1 Qd7 29. Ra5 Ra8 30. Rca1 h6 31. R5a4 Kh7 32. Ra5 Bf8 33. R1a4 Qc7 34. f3 Qc2 35. Bf1 Qd2 36. f5 Bd6 0-1

[Event "NRW Class1 1718"]
[Site "Germany"]
[Date "2017.09.17"]
[Round "1.4"]
[White "Simon, Hans Christian"]
[Black "Wolf, Andre"]
[Result "1/2-1/2"]
[WhiteElo "2141"]
[BlackElo "2160"]
[PlyCount "39"]
[EventDate "2017.09.17"]
[EventType "team-tourn"]
[EventRounds "9"]
[EventCountry "GER"]
[SourceTitle "EXT 2019"]
[Source "ChessBase"]
[SourceDate "2018.10.10"]
[SourceVersion "1"]
[SourceVersionDate "2018.10.10"]
[SourceQuality "1"]
[WhiteTeam "Bielefeld"]
[BlackTeam "Lieme"]
[WhiteTeamCountry "GER"]
[BlackTeamCountry "GER"]

1. Nf3 d5 2. c4 d4 3. e3 Nc6 4. exd4 Nxd4 5. Nxd4 Qxd4 6. Nc3 c6 7. d3 Nh6 8. Be3 Qd8 9. d4 Nf5 10. Qd2 g6 11. Be2 Bg7 12. Rd1 0-0 13. Ne4 Nxe3 14. fxe3 Bf5 15. Ng3 Bd7 16. 0-0 Qc7 17. Ne4 Bf5 18. Ng3 Bd7 19. Ne4 Bf5 20. Ng3 1/2-1/2

[Event "NRW Class2 1617"]
[Site "Germany"]
[Date "2017.01.22"]
[Round "5.3"]
[White "Wolf, Andre"]
[Black "Luetke, Jens"]
[Result "1/2-1/2"]
[WhiteElo "2225"]
[BlackElo "2264"]
[PlyCount "32"]
[EventDate "2016.09.25"]
[EventType "team-tourn"]
[EventRounds "9"]
[EventCountry "GER"]
[SourceTitle "EXT 2023"]
[Source "ChessBase"]
[SourceDate "2022.10.05"]
[SourceVersion "1"]
[SourceVersionDate "2022.10.05"]
[SourceQuality "1"]
[WhiteTeam "Herford Koenigsspringer"]
[BlackTeam "Kamen SV"]
[WhiteTeamCountry "GER"]
[BlackTeamCountry "GER"]

1. e4 e5 2. Nf3 Nc6 3. Bb5 a6 4. Ba4 Nge7 5. 0-0 g6 6. c3 Bg7 7. d4 exd4 8. cxd4 d5 9. exd5 Nxd5 10. Re1+ Be6 11. Bxc6+ bxc6 12. Bg5 Qb8 13. Qc1 0-0 14. Nc3 Nxc3 15. bxc3 Re8 16. Qd2 Bd5 1/2-1/2

[Event "NRW Class2 1415"]
[Site "Germany"]
[Date "2014.11.16"]
[Round "3.1"]
[White "Muschik, Benedikt"]
[Black "Wolf, Andre"]
[Result "0-1"]
[WhiteElo "2295"]
[BlackElo "2143"]
[PlyCount "150"]
[EventDate "2014.09.14"]
[EventType "team-tourn"]
[EventRounds "9"]
[EventCountry "GER"]
[SourceTitle "EXT 2017"]
[Source "ChessBase"]
[SourceDate "2016.10.25"]
[SourceVersion "1"]
[SourceVersionDate "2016.10.25"]
[SourceQuality "1"]
[WhiteTeam "Neuenkirchen"]
[BlackTeam "Herford Koenigsspringer"]
[WhiteTeamCountry "GER"]
[BlackTeamCountry "GER"]

1. d4 d5 2. Bf4 Nf6 3. e3 c5 4. dxc5 Nc6 5. Bb5 e6 6. b4 a5 7. c3 Bd7 8. Qb3 Ne4 9. Bxc6 Bxc6 10. f3 e5 11. Bxe5 Qg5 12. fxe4 Qxg2 13. Nd2 axb4 14. cxb4 Ba4 15. Qa3 Be7 16. Ngf3 dxe4 17. Rg1 Qh3 18. Kf2 exf3 19. Bg3 Bf6 20. Rae1 0-0 21. Ne4 Bh4 22. Qc3 f6 23. Qc4+ Kh8 24. b5 Bxb5 25. Qxb5 Rxa2+ 26. Kxf3 Qf5+ 27. Bf4 Qh5+ 28. Rg4 Bxe1 29. Qd7 Qf7 30. Qd4 Raa8 31. Ke2 Ba5 32. Bd6 Rfe8 33. Ng3 Bc7 34. Nf5 Bxd6 35. Nxd6 Qh5 36. Nxe8 Rxe8 37. Kd3 Qf5+ 38. Ke2 Qc2+ 39. Kf3 Qf5+ 40. Kg2 Rc8 41. Qe4 Qd7 42. Rh4 f5 43. Qe5 Qc6+ 44. e4 Qxc5 45. Qxf5 Qxf5 46. exf5 b5 47. Rd4 Kg8 48. Kf3 Rb8 49. Rb4 Kf7 50. Ke3 Kf6 51. Rh4 b4 52. Kd2 b3 53. Kc1 b2+ 54. Kb1 h6 55. Rf4 Rb7 56. Rf2 Rb5 57. Rg2 Rb7 58. Rf2 Ke5 59. Rf3 Ke4 60. Rf1 Ke5 61. Rf2 h5 62. Rf3 Rb4 63. Rh3 h4 64. Rf3 Rf4 65. Rb3 Rf1+ 66. Kxb2 Rf2+ 67. Kc1 Rxh2 68. Rb5+ Kf6 69. Kd1 Rf2 70. Rb4 h3 71. Rh4 h2 72. Ke1 Rb2 73. Kf1 Kxf5 74. Rh8 g5 75. Rh7 Kg4 0-1

[Event "NRW Class2 1213"]
[Site "Germany"]
[Date "2013.04.28"]
[Round "9.3"]
[White "Wolf, Andre"]
[Black "Haves, Reinhard"]
[Result "0-1"]
[WhiteElo "2123"]
[BlackElo "2174"]
[PlyCount "38"]
[EventDate "2012.09.16"]
[EventType "team-tourn"]
[EventRounds "9"]
[EventCountry "GER"]
[SourceTitle "EXT 2017"]
[Source "ChessBase"]
[SourceDate "2016.10.25"]
[SourceVersion "1"]
[SourceVersionDate "2016.10.25"]
[SourceQuality "1"]
[WhiteTeam "Herford"]
[BlackTeam "Neuenkirchen"]
[WhiteTeamCountry "GER"]
[BlackTeamCountry "GER"]

1. e4 g6 2. d4 Bg7 3. Nc3 d6 4. f4 Nf6 5. Nf3 0-0 6. Be3 Na6 7. e5 Ng4 8. Bg1 c5 9. h3 cxd4 10. Bxd4 dxe5 11. fxe5 Nh6 12. g4 Nb4 13. Qd2 Nxg4 14. a3 Nc6 15. hxg4 Bxg4 16. Qh2 h5 17. 0-0-0 Bxf3 18. Be3 Bxd1 19. Nxd1 Qd5 0-1

[Event "NRW Class2 1213"]
[Site "Germany"]
[Date "2012.12.16"]
[Round "4.3"]
[White "Wolf, Andre"]
[Black "Litwak, Aleksej"]
[Result "0-1"]
[WhiteElo "2123"]
[BlackElo "2244"]
[PlyCount "82"]
[EventDate "2012.09.16"]
[EventType "team-tourn"]
[EventRounds "9"]
[EventCountry "GER"]
[SourceTitle "EXT 2017"]
[Source "ChessBase"]
[SourceDate "2016.10.25"]
[SourceVersion "1"]
[SourceVersionDate "2016.10.25"]
[SourceQuality "1"]
[WhiteTeam "Herford"]
[BlackTeam "Oberhausen"]
[WhiteTeamCountry "GER"]
[BlackTeamCountry "GER"]

1. e4 c5 2. c3 Nf6 3. e5 Nd5 4. d4 cxd4 5. Nf3 e6 6. cxd4 d6 7. Bc4 Nc6 8. 0-0 Be7 9. Qe2 0-0 10. Nc3 Nxc3 11. bxc3 dxe5 12. dxe5 Qa5 13. Bd2 Rd8 14. Rfe1 Bd7 15. h4 Be8 16. Bd3 Qa4 17. Qf1 Rd7 18. Re4 Qa5 19. Qe2 Rad8 20. Bc2 g6 21. h5 Rxd2 22. Nxd2 Qxc3 23. Nb3 Nd4 24. Rxd4 Rxd4 25. hxg6 hxg6 26. Rc1 Bg5 27. Rf1 Rd8 28. f4 Be7 29. f5 exf5 30. Rf3 Qc6 31. Rh3 Bf8 32. Bxf5 gxf5 33. Rg3+ Bg7 34. Qh5 Qb6+ 35. Kh2 Kf8 36. Qxf5 Qc6 37. Qg5 Qh6+ 38. Qxh6 Bxh6 39. Rg4 Bg7 40. Re4 Bc6 41. Re2 Re8 0-1

[Event "NRW Class2 1213"]
[Site "Germany"]
[Date "2012.10.21"]
[Round "2.3"]
[White "Wolf, Andre"]
[Black "Langers, Alexander"]
[Result "1/2-1/2"]
[WhiteElo "2123"]
[BlackElo "2156"]
[PlyCount "75"]
[EventDate "2012.09.16"]
[EventType "team-tourn"]
[EventRounds "9"]
[EventCountry "GER"]
[SourceTitle "EXT 2017"]
[Source "ChessBase"]
[SourceDate "2016.10.25"]
[SourceVersion "1"]
[SourceVersionDate "2016.10.25"]
[SourceQuality "1"]
[WhiteTeam "Herford"]
[BlackTeam "Herne Sodingen"]
[WhiteTeamCountry "GER"]
[BlackTeamCountry "GER"]

1. e4 c5 2. c3 d5 3. exd5 Qxd5 4. d4 Nf6 5. Nf3 Bg4 6. Be2 e6 7. h3 Bh5 8. 0-0 Nc6 9. Be3 cxd4 10. cxd4 Be7 11. Nc3 Qd6 12. Qb3 0-0 13. Rfd1 Rfd8 14. Rac1 a6 15. Na4 b5 16. Nc5 Re8 17. a4 Na5 18. Qc3 Qb6 19. b4 Nd5 20. Qe1 Nc6 21. Nxa6 Ncxb4 22. axb5 Nxa6 23. bxa6 Bxf3 24. gxf3 Bb4 25. Qf1 Nc3 26. Rxc3 Bxc3 27. d5 Qd6 28. dxe6 Qxe6 29. Bc4 Qf6 30. f4 Qg6+ 31. Kh2 Bb4 32. Rd7 Re7 33. Rxe7 Bxe7 34. a7 Bd6 35. Qg2 Bxf4+ 36. Bxf4 Qxg2+ 37. Kxg2 Rxa7 38. Bd5 1/2-1/2

[Event "NRW Class2 1112"]
[Site "Germany"]
[Date "2012.04.29"]
[Round "9.1"]
[White "Wolf, Andre"]
[Black "Podzielny, Karl Heinz"]
[Result "0-1"]
[WhiteElo "2123"]
[BlackElo "2408"]
[PlyCount "54"]
[EventDate "2011.09.18"]
[EventType "team-tourn"]
[EventRounds "9"]
[EventCountry "GER"]
[SourceTitle "EXT 2015"]
[Source "ChessBase"]
[SourceDate "2014.11.20"]
[SourceVersion "1"]
[SourceVersionDate "2014.11.20"]
[SourceQuality "1"]
[WhiteTeam "Herford"]
[BlackTeam "Letmathe"]
[WhiteTeamCountry "GER"]
[BlackTeamCountry "GER"]

1. e4 c5 2. c3 g6 3. Nf3 Bg7 4. Bc4 e6 5. 0-0 Ne7 6. d4 cxd4 7. Nxd4 a6 8. Nd2 0-0 9. N2f3 h6 10. Bf4 d6 11. e5 d5 12. Bd3 Nd7 13. h4 Nc5 14. Bc2 b5 15. Qd2 Kh7 16. h5 Ne4 17. Qd3 Bb7 18. g4 gxh5 19. gxh5 Rg8 20. Kh2 Qe8 21. Nh4 f6 22. Nxe6 fxe5 23. Qh3 exf4 24. f3 Be5 25. Nf5 Kh8 26. Nxh6 Rg3 27. Qh4 Bf6 0-1

[Event "Lippe Cup-A 08th"]
[Site "Lieme"]
[Date "2011.10.30"]
[Round "4"]
[White "Klatt, Jan"]
[Black "Wolf, Andre"]
[Result "1-0"]
[WhiteElo "1901"]
[BlackElo "2174"]
[PlyCount "73"]
[EventDate "2011.10.28"]
[EventType "swiss"]
[EventRounds "5"]
[EventCountry "GER"]
[SourceTitle "EXT 2012"]
[Source "ChessBase"]
[SourceDate "2011.11.24"]
[SourceVersion "1"]
[SourceVersionDate "2011.11.24"]
[SourceQuality "1"]

1. Nc3 c5 2. Nf3 g6 3. d4 Bg7 4. d5 d6 5. e4 Nf6 6. Be2 0-0 7. 0-0 Na6 8. h3 Nc7 9. a4 Rb8 10. Re1 b6 11. Bc4 Nd7 12. Bf4 Ne5 13. Nxe5 dxe5 14. Bg5 Bf6 15. Bxf6 exf6 16. Nb5 a6 17. Nxc7 Qxc7 18. Qd3 Ra8 19. c3 Bb7 20. h4 h5 21. f4 Rfd8 22. f5 gxf5 23. Qf3 f4 24. Qxh5 Kf8 25. g3 b5 26. axb5 axb5 27. Rxa8 Bxa8 28. Be2 c4 29. gxf4 Ke7 30. fxe5 Rg8+ 31. Kf1 fxe5 32. Bg4 Bb7 33. Re2 b4 34. Rf2 Rg7 35. Qf5 Qd6 36. h5 bxc3 37. bxc3 1-0

[Event "Lippe Cup-A 08th"]
[Site "Lieme"]
[Date "2011.10.29"]
[Round "2"]
[White "Ruerup, Hans Heinz"]
[Black "Wolf, Andre"]
[Result "1/2-1/2"]
[WhiteElo "2033"]
[BlackElo "2174"]
[PlyCount "99"]
[EventDate "2011.10.28"]
[EventType "swiss"]
[EventRounds "5"]
[EventCountry "GER"]
[SourceTitle "EXT 2012"]
[Source "ChessBase"]
[SourceDate "2011.11.24"]
[SourceVersion "1"]
[SourceVersionDate "2011.11.24"]
[SourceQuality "1"]

1. e4 c5 2. Nc3 Nc6 3. f4 e6 4. Nf3 d5 5. Bb5 Nge7 6. exd5 exd5 7. Qe2 f6 8. d4 a6 9. Bxc6+ bxc6 10. dxc5 Kf7 11. Be3 Nf5 12. Bf2 Qa5 13. 0-0-0 Bxc5 14. Bxc5 Qxc5 15. Rhe1 Ra7 16. g4 Nd6 17. g5 Qc4 18. Qxc4 Nxc4 19. b3 Nd6 20. Nd4 Rc7 21. h4 Bf5 22. Nxf5 Nxf5 23. h5 Re7 24. Rxe7+ Kxe7 25. Na4 Kd6 26. Re1 Rf8 27. b4 a5 28. a3 axb4 29. axb4 Ra8 30. Nc5 Ra1+ 31. Kd2 Rxe1 32. Kxe1 fxg5 33. fxg5 Ng3 34. h6 gxh6 35. gxh6 Nf5 36. Kf2 Nxh6 37. Nb3 Nf5 38. Kf3 Ke5 39. Na5 Ne7 40. c3 Kf5 41. Nb3 Ke5 42. Nd4 h5 43. Ne2 Nf5 44. Nf4 d4 45. cxd4+ Nxd4+ 46. Ke3 Nf5+ 47. Kf3 h4 48. Ng6+ Kd4 49. Kg4 Kc4 50. Ne5+ 1/2-1/2

[Event "NRW Class2 0910"]
[Site "Germany"]
[Date "2009.11.22"]
[Round "3.3"]
[White "Wolf, Andre"]
[Black "Van Beek, Alexander"]
[Result "1-0"]
[WhiteElo "2174"]
[BlackElo "2345"]
[PlyCount "185"]
[EventDate "2009.09.20"]
[EventType "team-tourn"]
[EventRounds "9"]
[EventCountry "GER"]
[SourceTitle "EXT 2011"]
[Source "ChessBase"]
[SourceDate "2010.11.26"]
[SourceVersion "1"]
[SourceVersionDate "2010.11.26"]
[SourceQuality "1"]
[WhiteTeam "Herford"]
[BlackTeam "Erkenschwick"]
[WhiteTeamCountry "GER"]
[BlackTeamCountry "GER"]

1. e4 c5 2. c3 Nf6 3. e5 Nd5 4. Nf3 e6 5. d4 cxd4 6. cxd4 d6 7. Bc4 Nc6 8. 0-0 Be7 9. Qe2 0-0 10. Nc3 Nxc3 11. bxc3 dxe5 12. dxe5 Qa5 13. Qe4 Qa4 14. Bg5 h6 15. Bxe7 Nxe7 16. Rfd1 Rb8 17. Qe2 b6 18. Nd4 Bb7 19. Bb5 Qa3 20. Rd3 Rbc8 21. c4 Qb4 22. a3 Qc5 23. Nb3 Qc7 24. Rd7 Qb8 25. Rxe7 a6 26. Ba4 Qa8 27. f3 Bc6 28. Bxc6 Qxc6 29. Ra7 a5 30. Nd2 Qc5+ 31. Qf2 Qxe5 32. Rb1 Rfd8 33. Rb7 Rd3 34. R7xb6 Rxa3 35. R6b5 Qc3 36. R5b2 Rd8 37. h3 Ra1 38. Nf1 Rxb1 39. Rxb1 Qxc4 40. Ne3 Qc3 41. Qe1 Rd2 42. Nf1 Qd4+ 43. Qe3 a4 44. Qxd4 Rxd4 45. Rb8+ Kh7 46. Ra8 e5 47. Kf2 e4 48. f4 f5 49. Ne3 g6 50. Ra7+ Kg8 51. Ke2 Rb4 52. Nd5 Rb2+ 53. Kf1 Rb1+ 54. Kf2 Rb2+ 55. Kf1 Rb1+ 56. Kf2 Rb2+ 57. Kg1 Rb1+ 58. Kh2 Kf8 59. Rxa4 Rb7 60. Ra3 Kf7 61. Ne3 h5 62. Kg3 Kg7 63. Rc3 Rd7 64. Kh4 Kh6 65. g4 hxg4 66. hxg4 fxg4 67. Nxg4+ Kg7 68. Ne5 Rd1 69. Kg5 Rg1+ 70. Ng4 Kh7 71. Rc7+ Kg8 72. Re7 Kf8 73. Rxe4 Kg7 74. Re6 Kh7 75. Ra6 Rg2 76. Ra7+ Kg8 77. Kh4 Rg1 78. Kh3 Kf8 79. Ra6 Kg7 80. Ne5 Rh1+ 81. Kg2 Rh6 82. Kg3 Kh7 83. Kg4 Kg7 84. Rb6 Kh7 85. Rb7+ Kg8 86. Kg5 Rh1 87. Kxg6 Rg1+ 88. Kf6 Ra1 89. Rb8+ Kh7 90. f5 Ra6+ 91. Kg5 Ra5 92. Rb7+ Kg8 93. Kg6 1-0

[Event "NRW Class2 0708"]
[Site "Germany"]
[Date "2007.10.14"]
[Round "2.5"]
[White "Wolf, Andre"]
[Black "Schippan, Bernhard"]
[Result "0-1"]
[WhiteElo "2199"]
[BlackElo "2259"]
[PlyCount "80"]
[EventDate "2007.09.16"]
[EventType "team"]
[EventRounds "9"]
[EventCountry "GER"]
[SourceTitle "EXT 2009"]
[Source "ChessBase"]
[SourceDate "2008.11.26"]
[SourceVersion "1"]
[SourceVersionDate "2008.11.26"]
[SourceQuality "1"]
[WhiteTeam "Herford"]
[BlackTeam "Sodingen"]
[WhiteTeamCountry "GER"]
[BlackTeamCountry "GER"]

1. e4 e5 2. Nf3 Nc6 3. Bb5 a6 4. Ba4 f5 5. d4 exd4 6. e5 Bc5 7. 0-0 Nge7 8. a3 0-0 9. b4 Ba7 10. Bb3+ Kh8 11. Re1 d5 12. Bb2 f4 13. Nxd4 Nxd4 14. Bxd4 Bxd4 15. Qxd4 f3 16. g3 Qe8 17. e6 Qh5 18. Qh4 Qxh4 19. gxh4 Rf6 20. Nd2 Bxe6 21. Nxf3 Nc6 22. Ng5 Bg8 23. Rad1 h6 24. Nh3 d4 25. Bxg8 Kxg8 26. Kg2 Rg6+ 27. Kh1 Rg4 28. f3 Rxh4 29. Kg2 Rf8 30. Rd3 Rh5 31. f4 a5 32. Rb3 axb4 33. axb4 Rb5 34. Reb1 Ra8 35. Nf2 Ra2 36. Re1 Rxb4 37. Rg3 Rxc2 38. Re8+ Kf7 39. Rc8 Ne7 40. Rd8 Nf5 0-1